Southville International School and Colleges
Your cart is empty.
  • Cart
  • Lists
    Public lists Eva Luna New books Lux_list list_1
    Your lists Log in to create your own lists
  • Log in to your account
  • Your cookies
  • Search history
Southville International School and Colleges
  • Advanced search
  • Recent comments
  • Most popular
  • Libraries

Log in to your account

Log in with GOOGLE


If you do not have an external account, but do have a local account, you can still log in:

  1. Home
  2. MARC view: King of the wind /
Normal view MARC view ISBD view

King of the wind / (Record no. 33997)

[ view plain ]
MARC details
000 -LEADER
fixed length control field 01771pam a2200397 a 4500
001 - CONTROL NUMBER
control field 1541939
003 - CONTROL NUMBER IDENTIFIER
control field OSt
005 - DATE AND TIME OF LATEST TRANSACTION
control field 20140310184355.0
008 - FIXED-LENGTH DATA ELEMENTS--GENERAL INFORMATION
fixed length control field 910313r19911948nyua j 000 1 eng
010 ## - LIBRARY OF CONGRESS CONTROL NUMBER
LC control number 91013474
020 ## - INTERNATIONAL STANDARD BOOK NUMBER
International Standard Book Number 0590453165
Terms of availability $3.95 ($4.95 Can.)
040 ## - CATALOGING SOURCE
Original cataloging agency DLC
Transcribing agency DLC
Modifying agency DLC
042 ## - AUTHENTICATION CODE
Authentication code lcac
050 00 - LIBRARY OF CONGRESS CALL NUMBER
Classification number PZ 10.3
Item number .H43Ki 1976
100 1# - MAIN ENTRY--PERSONAL NAME
Personal name Henry, Marguerite,
Dates associated with a name 1902-1997.
9 (RLIN) 25490
245 10 - TITLE STATEMENT
Title King of the wind /
Statement of responsibility, etc Marguerite Henry ; illustrated by Wesley Dennis.
250 ## - EDITION STATEMENT
Edition statement 1st Aladdin Books ed.
260 ## - PUBLICATION, DISTRIBUTION, ETC. (IMPRINT)
Place of publication, distribution, etc New York :
Name of publisher, distributor, etc Scholastic Inc.,
Date of publication, distribution, etc 1976
300 ## - PHYSICAL DESCRIPTION
Extent 195 p. :
Other physical details ill. ;
Dimensions 20 cm.
504 ## - BIBLIOGRAPHY, ETC. NOTE
Bibliography, etc Includes bibliographical references (p. [3], 2nd group).
520 ## - SUMMARY, ETC.
Summary, etc Sham and the stable boy Agba travel from Morocco to France to England where, at last, Sham's majesty is recognized and he becomes the "Godolphin Arabian," ancestor of the most superior Thoroughbred horses.
521 ## - TARGET AUDIENCE NOTE
Target audience note
526 ## - STUDY PROGRAM INFORMATION NOTE
Reading level 830
586 ## - AWARDS NOTE
Awards note Newbery Medal, 1949
650 #0 - SUBJECT ADDED ENTRY--TOPICAL TERM
Topical term or geographic name as entry element Arabian horse
General subdivision Juvenile fiction.
9 (RLIN) 25491
650 #1 - SUBJECT ADDED ENTRY--TOPICAL TERM
Topical term or geographic name as entry element Arabian horse
Form subdivision Fiction.
9 (RLIN) 25492
650 #1 - SUBJECT ADDED ENTRY--TOPICAL TERM
Topical term or geographic name as entry element Horses
General subdivision Fiction.
9 (RLIN) 25493
651 #1 - SUBJECT ADDED ENTRY--GEOGRAPHIC NAME
Geographic name England
Form subdivision Fiction.
9 (RLIN) 25494
700 1# - ADDED ENTRY--PERSONAL NAME
Personal name Dennis, Wesley,
Relator term ill.
9 (RLIN) 25495
856 42 - ELECTRONIC LOCATION AND ACCESS
Materials specified Contributor biographical information
Uniform Resource Identifier <a href="http://www.loc.gov/catdir/bios/simon051/91013474.html">http://www.loc.gov/catdir/bios/simon051/91013474.html</a>
856 42 - ELECTRONIC LOCATION AND ACCESS
Materials specified Publisher description
Uniform Resource Identifier <a href="http://www.loc.gov/catdir/description/simon031/91013474.html">http://www.loc.gov/catdir/description/simon031/91013474.html</a>
856 41 - ELECTRONIC LOCATION AND ACCESS
Materials specified Sample text
Uniform Resource Identifier <a href="http://www.loc.gov/catdir/enhancements/fy0641/91013474-s.html">http://www.loc.gov/catdir/enhancements/fy0641/91013474-s.html</a>
906 ## - LOCAL DATA ELEMENT F, LDF (RLIN)
a 7
b cbc
c orignew
d 1
e ocip
f 19
g y-gencatlg
942 ## - ADDED ENTRY ELEMENTS (KOHA)
Source of classification or shelving scheme Library of Congress Classification
Koha item type
Holdings
Withdrawn status Lost status Source of classification or shelving scheme Damaged status Home library Current library Shelving location Date acquired Total Checkouts Full call number Barcode Date last seen Copy number Price effective from Koha item type
    Library of Congress Classification   Luxembourg Library Luxembourg Library Scholastic Reading Center Section 10/07/2013   PZ 10.3 .H43Ki 1976 LEX0881 04/18/2017 1 10/07/2013 Books

King of the wind /

APA

Henry M., Dennis W., . (1976). King of the wind. New York: Scholastic Inc.

Chicago

Henry Marguerite, Dennis Wesley, . 1976. King of the wind. New York: Scholastic Inc.

Harvard

Henry M., Dennis W., . (1976). King of the wind. New York: Scholastic Inc.

MLA

Henry Marguerite, Dennis Wesley, . King of the wind. New York: Scholastic Inc. 1976.

  • Place hold
  • Print
  • Cite
  • Add to your cart (remove)
  • Save record
    BIBTEX Dublin Core MARCXML MARC (non-Unicode/MARC-8) MARC (Unicode/UTF-8) MARC (Unicode/UTF-8, Standard) MODS (XML) RIS
  • More searches
    Search for this title in:
    Other Libraries (WorldCat) Other Databases (Google Scholar) Online Stores (Bookfinder.com) Open Library (openlibrary.org)

Exporting to Dublin Core...

SOUTHVILLE LIBRARY

Southville International School and Colleges Library

1281 Tropical Ave. Cor. Luxembourg St., BF Homes International, Las Pinas City

Tel. No. 8256374 / 252358 Loc. 117/146

Powered by Koha